000 00565nam a2200205Ia 4500
005 20250923145901.0
008 008 250917s9999 xx 000 0 eng d
037 _aTextual
040 _aDSWL
_beng
_cDSWL
041 _aeng
_2eng
084 _aY72:7:7, N92;4
_qDSWL
245 0 _aBehavioral dimensions of tribal lands capres
_cEd. by G.P. Gupta
260 _aJaipur
_bArihant
_c1992
300 _axxii,331p.
365 _aINR
_b475.00
490 _vVol. 4
925 _g475.00
942 _cTEXL
_hY72:7:7, N92;4
999 _c1456912
_d1456912